Регионална библиотека "Любен Каравелов" - Русе

Жените на викторианска Англия - от идеала до порока (Запис номер 187701)

MARC детайли
000 -Лидер
Контролно поле с фиксирана дължина 01686nam a2200409 c 4500
003 - Код на организацията, давaща контролен номер
Контролно поле BLK
005 - Дата и час на последна редакция
Контролно поле 20240611095510.0
008 - Елементи от данни с фиксирана дължина
fixed length control field 180411b bul|||||r ||||||| ||bul||
010 ## - Наследен системен номер
LC control number KNG00196718000
020 ## - Международен стандартен номер на книга ISBN
Международен стандартен номер на книга ISBN 978-619-153-121-9
040 ## - Източник на каталожния запис
Идентификатор на билиотеката - собственик на записа BLK
041 ## - Код за език
Код за езика на текст/звукозапис или на отделно заглавие Български
Код за езика КДБФ Български
072 #7 - Код за тематичната категория
Код организация bullib
Код за тематична категория Н39
Текст Етнология. Фолклористика Н
080 ## - УДК
Текстов определител УДК Социални изследвания на жени. Жените и обществото
УДК код - определител по УДК 305-055.2
УДК определител (410)(091)
УДК - код + определител 305-055.2(410)(091)
100 1# - Редна дума - Автор
Автор Коути, Екатерина
Авторска отговорност първи автор
R(LIN) 83472
139 ## - Редно поле
Редна дума Коути, Екатерина и др.
Авторски знак Кот - К 87
245 10 - Сведения за заглавието
Заглавие Жените на викторианска Англия - от идеала до порока
Редно поле (дума) Екатерина Коути; съавт. Кари Гринберг; прев. Лидия Михайлова Шведова.
257 ## - Страна на издаване
Страна на създаване/издаване Великобритания
260 ## - Област на издателските данни
Име на издателя, разпространителя и проч. Паритет
Година на издаване 2016
300 ## - Физическа характеристика
Страници 304 с.
Илюстрации и др. с ил.
Размери/Мащаб 21 см
380 ## - Жанр
Жанр Обществени науки
500 ## - Общи забележки
Забележка Без сведение за ориг. загл. - Библиогр. с. 298-302.
650 #4 - Допълнително описание по предмет – тема
Основно описание – тема или топоним Жени - Великобритания
9 (RLIN) 276335
651 #4 - Допълнително описание по предмет - топоним
Географско понятие Великобритания
9 (RLIN) 178698
653 ## - Ключова дума – ненормативна
Ключова дума жени
653 ## - Ключова дума – ненормативна
Ключова дума ХІХ в.
659 ## - Тематичен бюлетин
Тематичен бюлетин Н
700 1# - Други автори (авторска отговорност)
Лично име Гринберг, Кари
Автороска отговорност (Описва отношението между автора и произведението) съавт.
9 (RLIN) 344410
700 1# - Други автори (авторска отговорност)
Лично име Шведова, Лидия Михайлова
Автороска отговорност (Описва отношението между автора и произведението) прев.
9 (RLIN) 364992
852 ## - Местоположение
Форматна сигнатура Цб 283286
856 4# - Електронен адрес и достъп
Електронен формат pdf - файл
856 4# - Електронен адрес и достъп
Електронен формат pdf - файл
999 ## - СИСТЕМНИ КОНТРОЛНИ НОМЕРА
Koha biblionumber 187701
Koha biblioitemnumber 187701
942 ## - АРТИКУЛИ
Вид на библиотечния материал Книги
Скрит в OPAC Не
Периодичен библиозапис Да
Koha issues (borrowed), all copies 3
944 ## - СЪЗДАВАНЕ И РЕДАКЦИЯ на ЗАПИСА
Създаване/Редакция Създаване
Дата на регистрацията/редакция 23.11.2016
Статус, дата на статуса Минев Младен
Служител, извършил регистрацията/редакцията 30530
944 ## - СЪЗДАВАНЕ И РЕДАКЦИЯ на ЗАПИСА
Създаване/Редакция Редакция
Дата на регистрацията/редакция 31.05.2017
Статус, дата на статуса ф /
Служител, извършил регистрацията/редакцията Пенка_Димитрова
999 ## - СИСТЕМНИ КОНТРОЛНИ НОМЕРА
Koha biblioitemnumber 187701
Наличности
Код за отписване Код за изгубен артикул Източник на класификационната схема Код за повреда Коз за рестрикции Код за отдаване Артикулен № Име на библиотеката - собственик Име на библиотеката, в която се намира в момента Статус (Текущо местоположение) Дата на вписване в системата Местоположение - отдел Цена в лева Инвентарен номер Систематично азбучна сигнатура Баркод Номер на екземпляра Цена в евро Служебна бележка Служебен тип на артикула
  Не е изгубен Universal Decimal Classification Не е повреден без рестрикции заемане за дома 328024 Регионална библиотека "Любен Каравелов" Русе Регионална библиотека "Любен Каравелов" Русе Заемна - подръчен фонд 2016-11-25 Заемна - подръчен фонд 10.93 120000806036 305/К 87 120000806036 1 5.59 Дост: Pk Вид: Ф N: 752 Дата: 18.11.2016 Дата инв: 08.02.2018 Бележки инв: П2018 Книги
  Не е изгубен Universal Decimal Classification Не е повреден без рестрикции заемане за дома 328025 Регионална библиотека "Любен Каравелов" Русе Регионална библиотека "Любен Каравелов" Русе Заемна - подръчен фонд 2017-02-24 Заемна - подръчен фонд 10.91 120000808636 305/К 87 120000808636 2 5.58 Дост: Pk Вид: Ф N: 794 Дата: 20.02.2017 Дата инв: 19.02.2018 Бележки инв: П2018 Книги
  Не е изгубен   Не е повреден без рестрикции ползва се в читалня 328026 Регионална библиотека "Любен Каравелов" Русе Регионална библиотека "Любен Каравелов" Русе Хранилище 2017-05-31 Хранилище 13.99 120000811836 Цб 283286 120000811836 3 7.15 Дост: Dp Вид: Д N: 18 Дата: 06.04.2017 Книги
Vip Innovations Ltd, Rousse, Bulgaria 2025